All Modern-Day Countries Ever Controlled by Arab People with a Map - Statistics

General Stats
  • This quiz has been taken 54,856 times
    51,268 since last reset
  • The average score is 58 of 63
Answers on the Map
Answers color-coded by a green-red scale on the quiz's map according to % correct below.
 
Answer Stats
Countries % Correct
France
99%
Portugal
99%
Spain
99%
Algeria
98%
Egypt
98%
Iran
98%
Iraq
98%
Morocco
98%
Saudi Arabia
98%
Turkey
98%
Yemen
98%
Afghanistan
97%
Israel
97%
Italy
97%
Libya
97%
Oman
97%
Pakistan
97%
Sudan
97%
United Arab Emirates
97%
Cyprus
96%
Jordan
96%
Qatar
96%
Syria
96%
Tunisia
96%
Andorra
95%
India
95%
Lebanon
95%
South Sudan
95%
Armenia
94%
Azerbaijan
94%
Georgia
94%
Greece
94%
Kuwait
94%
Niger
94%
Turkmenistan
94%
Uzbekistan
94%
Chad
93%
Kazakhstan
93%
Mali
93%
Nigeria
93%
Bahrain
92%
Ethiopia
92%
Somalia
92%
Tajikistan
92%
D.R. Congo
91%
Kyrgyzstan
91%
Mauritania
91%
Russia
91%
Kenya
89%
Djibouti
88%
Eritrea
88%
Central African Republic
87%
Tanzania
87%
Mozambique
86%
Cameroon
85%
Malta
84%
Madagascar
83%
Burkina Faso
82%
Benin
80%
Comoros
80%
Zambia
80%
Croatia
78%
Burundi
74%
No matching quizzes found
Score Distribution
Percent of People with Each Score
Percentile by Number Answered
Your Score History
You have not taken this quiz since the last reset